000 00499nam a2200193Ia 4500
005 20250317130330.0
008 008 250317s9999 xx 000 0 eng d
037 _aTextbook
040 _aFMSL
_beng
_cFMSL
041 _aeng
_2eng
084 _qFMSL
100 _aHaley C W
_9320869
245 0 _aTheory of ficial decisions
250 _a2nd
260 _aMc
_bMc, Graw Hill Int. Book co.
_c1979
300 _a516p
942 _cTB
999 _c1263311
_d1263311